000
00285nam a22001217a 4500
041
_a
ENG
100
_a
Manchanda.H,R
245
_a
Salinity Research At H.A.U
260
_a
Hisar
_b
C.C.S haryana Agricultural University
_c
2000
300
_a
109
650
_a
GAE
856
_u
GAE ( 37 )
999
_c
2473
_d
2473